000 015140000a22003490004500
003 EG-GICUC
005 20250223025433.0
008 080825s2008 ua d f m 000 0 eng d
040 _aEG-GICUC
_beng
_cEG-GICUC
041 0 _aEng
049 _aDeposite
097 _aM.Sc
099 _aCai01.11.10.M.Sc.2008.Em.R
100 0 _aEman Mohamed Hamdy Wahba
245 1 4 _aThe role of granulysin in atopic dermatitis /
_cEman Mohamed Hamdy Wahba ; Supervised Doaa Mohamad Mahguob , Nermine Hamdy Eleishi , Laila Ahmed Rashed
246 1 5 _aدور الجرانيوليسين فى مرض حساسية الجلد الموروثة
260 _aCairo :
_bEman Mohamed Hamdy Wahba ,
_c2008
300 _a103P. :
_bcharts ;
_c25cm
502 _aThesis (M.Sc.) - Cairo University - Faculty Of Medicine - Department Of Dermatology and Venerology
520 _aAropic dermatitis is a chronic relapsing inflammatory skin disease that arises most commonly during early infancy , and is characterized by sever pruritus , age - dependant skin manifestation , and a fluctuating clinical course
530 _aIssued also as CD
653 4 _aAntimicrobial pedtides
653 4 _aAtopic dermatitis
653 4 _aCerebro spinal fluid
700 0 _aDoaa Mohamad Mahguob ,
_eSupervisor
700 0 _aLaila Ahmed Rashed ,
_eSupervisor
700 0 _aNermine Hamdy Eleishi ,
_eSupervisor
856 _uhttp://172.23.153.220/th.pdf
905 _aMustafa
_eRevisor
905 _aNazla
_eCataloger
942 _2ddc
_cTH
999 _c12932
_d12932